El pacto político como fundamento histórico general de la nacionalidad española y especialmente como manifestación legal de la soberanía independiente de Navarra en unas épocas y en otras de su autonomía sin perjuicio de la unidad nacional (Record no. 160906)
[ view plain ]
| 000 -LEADER | |
|---|---|
| campo de control de longitud fija | 01256nam a22002175i 4500 |
| 001 - NÚMERO DE CONTROL | |
| campo de control | 160906 |
| 003 - IDENTIFICADOR DE NÚMERO DE CONTROL | |
| campo de control | ES-MaACL |
| 005 - FECHA Y HORA DE LA ÚLTIMA TRANSACCIÓN | |
| campo de control | 20230906212143.0 |
| 008 - DATOS DE LONGITUD FIJA--INFORMACIÓN GENERAL | |
| campo de control de longitud fija | 990119s1878 sp |||| | spa d |
| 040 ## - FUENTE DE CATALOGACIÓN | |
| Centro catalogador/agencia de origen | CCPB | B |
| Lengua de catalogación | spa |
| Centro/agencia transcriptor | CCPB | B |
| 100 1# - ENTRADA PRINCIPAL--NOMBRE DE PERSONA | |
| Nombre de persona | Olave y Díez, Serafín. |
| 9 (RLIN) | 86672 |
| 245 13 - MENCIÓN DEL TÍTULO | |
| Título | El pacto político como fundamento histórico general de la nacionalidad española y especialmente como manifestación legal de la soberanía independiente de Navarra en unas épocas y en otras de su autonomía sin perjuicio de la unidad nacional |
| Resto del título | : obra dedicada a Navarra y en su representación a la Excma. Diputación Foral / |
| Mención de responsabilidad, etc. | por Serafín Olave y Díez ; con un prólogo de Antonio Redondo Orriols. |
| 260 ## - PUBLICACIÓN, DISTRIBUCIÓN, ETC. | |
| Lugar de publicación, distribución, etc. | Madrid : |
| Nombre del editor, distribuidor, etc. | [s.n.], |
| Fecha de publicación, distribución, etc. | 1878 ( |
| Fabricante | Imprenta de la Nueva Prensa) |
| 300 ## - DESCRIPCIÓN FÍSICA | |
| Extensión | XVIII, 280 p. ; |
| Dimensiones | 18 cm. |
| 530 ## - NOTA DISPONIBLE DE FORMULARIO FÍSICO ADICIONAL | |
| Nota de formato físico adicional disponible | Disponible en formato digital. |
| 650 #4 - PUNTO DE ACCESO ADICIONAL DE MATERIA--TÉRMINO DE MATERIA | |
| Término de materia o nombre geográfico como elemento de entrada | Fueros- |
| Subdivisión geográfica | Navarra (Comunidad Autónoma)- |
| Subdivisión de forma | Historia. |
| 9 (RLIN) | 150811 |
| 651 #4 - PUNTO DE ACCESO ADICIONAL DE MATERIA--NOMBRE GEOGRÁFICO | |
| Nombre geográfico | Navarra (Comunidad Autónoma)- |
| Subdivisión general | Historia. |
| 9 (RLIN) | 9101 |
| 700 1# - ENTRADA AGREGADA--NOMBRE PERSONAL | |
| Nombre de persona | Redondo y Orriols, Antonio. |
| 9 (RLIN) | 131653 |
| 852 ## - LOCALIZACIÓN | |
| Ubicación | ES-MaACL |
| Número de control de estantería | T-287-F-4 |
| Nota libre | -- Enc. hol. |
| condición física | -- Falto de la cub. original |
| Nota libre | -- Enc. en un vol. facticio |
| 856 ## - LOCALIZACIÓN Y ACCESO ELECTRÓNICOS | |
| Identificador Uniforme de Recursos | <a href="http://bdh-rd.bne.es/viewer.vm?id=0000149170&page=1 ">http://bdh-rd.bne.es/viewer.vm?id=0000149170&page=1 </a> |
| Nota pública | Biblioteca Digital Hispánica |
| Estatus retirado | Estado de pérdida | Estado de daño | No para préstamo | Colección | Biblioteca de origen | Biblioteca actual | Ubicación en estantería | Fecha de adquisición | Total de préstamos | Signatura topográfica completa | Código de barras | Visto por última vez | Precio de reemplazo | Tipo de ítem Koha |
|---|---|---|---|---|---|---|---|---|---|---|---|---|---|---|
| Colección de folletos | Biblioteca del Ateneo de Madrid | Biblioteca del Ateneo de Madrid | Depósito folletos | 17/01/2008 | T-287-F-4 | 1168507 | 23/02/2023 | 23/02/2023 | Folleto |
